| 000 | 00664nam a22002057a 4500 | ||
|---|---|---|---|
| 005 | 20210325204141.0 | ||
| 008 | eng d | ||
| 041 | _aeng | ||
| 090 |
_aKJ91.E86 T68 _b 2009 |
||
| 100 | 0 | _aKortmann, S.C.J.J. | |
| 245 | 1 | 0 | _aTowards an EU Directive on Protected Funds |
| 260 | 3 |
_aThe Hague : _bKluwer Law International |
|
| 300 | _a358 P ; | ||
| 650 | 0 | 4 | _aTrusts and trustees -- European Union countries |
| 850 | _aNALT | ||
| 942 | _cLB | ||
| 997 |
_a8866 _kVC |
||
| 997 | _c000000000060096 | ||
| 998 | _aนางสาวสุพันดา สุภาพ | ||
| 999 |
_c60096 _d60096 |
||